| 000 | 01147 a2200241 4500 | ||
|---|---|---|---|
| 005 | 20080912113845.0 | ||
| 008 | 080912t xxu||||| |||| 00| 0 hin d | ||
| 010 | _aHIN-80705 | ||
| 020 |
_a8171381332 _c200.00 |
||
| 035 | _aHN-53051 | ||
| 037 | _bD.B.Act / pub | ||
| 082 | _aक | ||
| 100 | _aराजेंद्र राजन | ||
| 245 |
_aफालतू के लोग _cराजेंद्र राजन |
||
| 246 |
_aFaltu ke log _bby Rajendra Rajan |
||
| 260 |
_aनई दिल्ली _bसामयिक प्रकाशन _c2007 |
||
| 270 |
_a3320-21, जटवाड़ा, नेताजी सुभाष मार्ग दरियागंज _bनई दिल्ली _e110002 |
||
| 300 |
_a144पृ _c22 सेमी (सजिल्द) |
||
| 650 | _aहिन्दी कहानियाँ | ||
| 650 | _aHindi Stories | ||
| 942 |
_adpl _cHN _kक / राजेंद्र _2ddc _hक _mराजेंद्र |
||
| 999 |
_c6932 _d6932 |
||